Villes les plus peuplées du monde commençant par J - Statistiques

Statistiques générales
  • Ce quiz a été pris 145 fois
  • Le résultat moyen est 4 sur 10
Statistiques - réponses
Pays Villes % Correct
Indonésie Jakarta
98%
Afrique du Sud Johannesburg
96%
Israël Jérusalem
91%
Inde Jaipur
50%
États-Unis Jacksonville
46%
Chine Jinan
12%
Chine Jilin
8%
Malaisie Johor Bahru
4%
Inde Jamshedpur
2%
Brésil Joinville
2%
Aucun quiz correspondant
Distribution des résultats
% des personnes avec chaque résultat
Percentile par nombre de réponses
Votre historique - résultats
Vous n’avez pas pris ce quiz